Using Microsoft Office 97 professional / (Record no. 175184)
[ view plain ]
| 000 -LEADER | |
|---|---|
| fixed length control field | 01285 a2200301 4500 |
| 003 - CONTROL NUMBER IDENTIFIER | |
| control field | Nust |
| 005 - DATE AND TIME OF LATEST TRANSACTION | |
| control field | 20221011091003.0 |
| 010 ## - LIBRARY OF CONGRESS CONTROL NUMBER | |
| LC control number | 96070764 |
| 020 ## - INTERNATIONAL STANDARD BOOK NUMBER | |
| International Standard Book Number | 0789708965 |
| 035 ## - SYSTEM CONTROL NUMBER | |
| System control number | (OCoLC)36244104 |
| 040 ## - CATALOGING SOURCE | |
| Transcribing agency | Nust |
| 082 00 - DEWEY DECIMAL CLASSIFICATION NUMBER | |
| Classification number | 005.369,WIN |
| 100 1# - MAIN ENTRY--PERSONAL NAME | |
| Personal name | Winter, Rick. |
| 9 (RLIN) | 99749 |
| 245 10 - TITLE STATEMENT | |
| Title | Using Microsoft Office 97 professional / |
| Statement of responsibility, etc. | written by Rick Winter and Patty Winter ... [et al.]. |
| 250 ## - EDITION STATEMENT | |
| Edition statement | Special ed. |
| 260 ## - PUBLICATION, DISTRIBUTION, ETC. | |
| Place of publication, distribution, etc. | Indianapolis, IN : |
| Name of publisher, distributor, etc. | Que, |
| Date of publication, distribution, etc. | c1997. |
| 300 ## - PHYSICAL DESCRIPTION | |
| Extent | xl, 1234 p. : |
| Other physical details | ill. ; |
| Dimensions | 23 cm. |
| 505 ## - FORMATTED CONTENTS NOTE | |
| Formatted contents note | Features You Will Only Need To Learn Once (Page-9), Using Word (Page-145), Using Excel (Page-299), Using Multimedia In MS Office (Page-467), Using Powerpoint (Page-589), Using Access (Page-703), Integrating MS Office Applications Page (Page-849), Internets, Intranets And Workgroups (Page-1005). |
| 650 #0 - SUBJECT ADDED ENTRY--TOPICAL TERM | |
| Topical term or geographic name entry element | Business |
| General subdivision | Computer programs. |
| 9 (RLIN) | 19731 |
| 650 #0 - SUBJECT ADDED ENTRY--TOPICAL TERM | |
| Topical term or geographic name entry element | Database management |
| General subdivision | Computer programs. |
| 9 (RLIN) | 98222 |
| 650 #0 - SUBJECT ADDED ENTRY--TOPICAL TERM | |
| Topical term or geographic name entry element | Electronic spreadsheets. |
| 650 #0 - SUBJECT ADDED ENTRY--TOPICAL TERM | |
| Topical term or geographic name entry element | Personal information management |
| General subdivision | Computer programs. |
| 9 (RLIN) | 99454 |
| 650 #0 - SUBJECT ADDED ENTRY--TOPICAL TERM | |
| Topical term or geographic name entry element | Presentation graphics software. |
| 9 (RLIN) | 99455 |
| 650 #0 - SUBJECT ADDED ENTRY--TOPICAL TERM | |
| Topical term or geographic name entry element | Time management |
| General subdivision | Computer programs. |
| 9 (RLIN) | 99456 |
| 650 #0 - SUBJECT ADDED ENTRY--TOPICAL TERM | |
| Topical term or geographic name entry element | Word processing. |
| 9 (RLIN) | 36793 |
| 700 1# - ADDED ENTRY--PERSONAL NAME | |
| Personal name | Winter, Patty. |
| 9 (RLIN) | 99750 |
| 942 ## - ADDED ENTRY ELEMENTS (KOHA) | |
| Koha item type | Reference |
| Source of classification or shelving scheme | |
| Call number prefix | 005.369,WIN |
| Withdrawn status | Lost status | Source of classification or shelving scheme | Damaged status | Not for loan | Permanent Location | Current Location | Shelving location | Date acquired | Full call number | Barcode | Date last seen | Price effective from | Koha item type | Public note |
|---|---|---|---|---|---|---|---|---|---|---|---|---|---|---|
| Military College of Signals (MCS) | Military College of Signals (MCS) | General Stacks | 12/12/2016 | 005.369,WIN | MCS27066 | 12/08/2016 | 12/12/2016 | Book | Almirah No.6, Shelf No.1 |
